Anagrammes - Prénoms masculins - Série 01 - Statistiques

Statistiques générales
  • Ce quiz a été pris 808 fois
  • Le résultat moyen est 6 sur 10
Statistiques - réponses
Anagramme Prénom % Correct
LANAI Alain
84%
REGARD Gérard
82%
ELACKIM Mickael
81%
NELLIO Lionel
73%
MANOIR Romain
72%
LACHERS Charles
56%
PICRATE Patrice
52%
BARELT Albert
50%
CALMER Marcel
50%
DAREN André
37%
Aucun quiz correspondant
Distribution des résultats
% des personnes avec chaque résultat
Percentile par nombre de réponses
Votre historique - résultats
Vous n’avez pas pris ce quiz